000 00340 a2200109 4500
001 ART_33500
005 20260410161707.0
008 260409a
245 1 0 _aImpuestos internos. Justificación en el sistema tributario argentino
100 1 _aBaldo, Alberto
773 0 _tRevista Impuestos
_g- Nº 17 (sep. 2006)
_wREV639
999 _c15753
_d15753